00624nam a22002177a 450000500170000001000130001702000100003003500130004003700160005304000120006908200150008124500730009625000150016926000460018427000360023030000240026650000540029065000180034465000280036270000160039020170124110255.0 aA-408490 c00.00 aA-408490 bCen Lib/Ret aDPLbEN a631.4bSOI aSoil and plant analysis for tree culture /cby S.A. Wilde...[et al.] a5th rev ed aNew Delhi bOxford University Pressc1979 a66 Janpath bNew Delhi e110001 axi, 224p.c19cm(Hb) aIncludes appendix and bibliographical references  aAgricultuture aSoil and plant analysis aWilde, S.A.